Statistics for Jim's Pranks on Dwight - Random

Click here to take the quiz!

General Stats

  • This quiz has been taken 4 times
  • The average score is 14 of 20

Answer Stats

EpisodePrank% Correct
Andy's AncestryAlong with Pam, had an {asian}[1] actor friend take his (Jim) place in the office and replaced a family {photo}[2] with a staged one
100%
Health CareAlong with Pam, made up a series of fake {medical} {conditions} for health care
100%
St. Patrick's DayBuilt what he called {quad}-{desk} out of three desks and placed Dwight's phone under it
100%
Product RecallCame to work dressed like {Dwight}
100%
The Cover-UpCommunicated with Pam through {morse} {code} in front of Dwight
100%
Phyllys' WeddingConvinced Dwight to look for {wedding} {crashers} in Phillys' wedding
100%
Drug TestFlipped the drug test interview, making Dwight think he had {smoked} {marijuana}
100%
HalloweenHad Pam post Dwight's altered {resumée} online
100%
Todd PackerJammed Dwight's {desk} {drawer} so that he could see his things and not get them out
100%
Conflict ResolutionMade Dwight hit his head with the {phone}[1] by placing and then removing {pennies}[2] in it
100%
The FightMoved Dwight's desk to the {bathroom}
100%
The LoverPlayed loud {opera}[1] music in his office to make Dwight think he (Jim) was conspiring against him. Gave Dwight's surveillance {mallard}[2] to Kelly
100%
Booze CruisePut Dwight's possessions in the {vending} {machine}[1] with the help of {Steve}[2], the vending machine guy
100%
PilotPut Dwight's {stapler}[1] in {Jell-O}[2]
100%
Conflict ResolutionReplaced Dwight's pens and pencils with {crayons}
100%
Branch ClosingSent memos to Dwight as {himself}[1] from the {future}[2]...
100%
Classy ChristmasThrew a {snowball} at Dwight
100%
MurderTricked Dwight into {fight}ing himself for a self-defense demonstration
100%
Conflict ResolutionTricked Dwight into walking in on {Meredith} "on the can"
100%
Phyllys' WeddingTried a Pavlov-like experiment on Dwight by offering him {mints} everytime his (Jim) computer rebooted
100%
Business SchoolWith Karen's help convinced Dwight that he (Jim) was turning into a {vampire}
100%
Launch PartyWith Pam's help pretended to be an {AI} competing with Dwight to sell more paper
100%
New BossWore a {tuxedo}[1] to work to mess with Dwight's dress code {memo}[2]
100%
Branch Closing(Dwight from the Future) Made Dwight believe the {coffee} had been {poisoned}
75%
Conflict ResolutionPlaced a bloody {glove} in Dwight's desk to make him think he'd murdered someone
75%
A Benihana ChristmasAlong with Pam sent Dwight to the rooftop to wait for a {helicopter}[1] from the {CIA}[2]. Then told him to destroy his {cellphone}[3]
67%
Hot GirlConvinced Dwight to purchase a {purse} from Katy
67%
Casino NightMade Dwight fold in poker by using a fake tell, {cough}ing
67%
Mrs. CaliforniaPushed Dwight to the ground when he was using a hidden leg {stool} while working on his {elevated} desk
67%
The MergerUsed a {stopwatch}[1] to count how much time Dwight {stole}[2] from the company
67%
The CoupAlong with Pam hummed high-pitch noise to convince Dwight to go to the doctor. The game was called {Pretendinitis}
50%
PilotBuilt a {pencil} {fence} to separate his desk from Dwight's
50%
Where Are They Now?Called Dwight complaining about the paper he'd sold being {loud}
50%
Casino NightConvinced Dwight that he (Jim) had {telekinetic} powers
50%
Women's AppreciationDrew a {mustache}[1] in the bathroom mirror and got Dwight to see himself like the sketch {Pam}[2] made
50%
Dwight's SpeechGave Dwight a speech by {Mussolini} to use in Dwight's acceptance speech
50%
A Benihana ChristmasTold him Benihana waitress was {asleep}[1] and then recounting how to kill a {goose}[2]
50%
Performance ReviewWith Pam's help made Dwight think it was {Friday}[1] on a {Thursday}[2]
50%
Garage SaleConvinced Dwight that he (Jim) was selling (correction, Jim was NOT selling) a pack of magic beans called {Professor} {Copperfield's} {Miracle} {Legumes}
33%
Office OlympicsAlong with Pam, threw Dwight's {messages}[1] and {paper} {clips}[2] into Dwight's coffee mug
0%
Goodbye TobyConnected Dwight's phone to his (Jim) {Bluetooth} {speaker}[1] and forwarded Dwight's {work} {phone}[2] to his
0%
TallahasseeConvinced Dwight he (Jim) had poisoned him, when in fact Dwight had {appendicitis}
0%
New GuysConvinced Dwight that Clark was a better {Dwight}
0%
Back From VacationDuring a meeting in Michael's absence Jim, {Karen}[1], {Phyllis}[2] and {Andy}[3] "narrated" Dwight's fake behaviour to a tape recorder
0%
TallahasseeFaked a murder scene in his {hotel} {room}[1]. On the walls it read "{It} {Was} {Dwight}"[2]. Then Jim fell out of the {closet}[3]
0%
Beach GamesJim, Karen and Kevin named their team {Voldemort}[1] on beach day. Then chanted {"Voldemort, Voldemort, Voldemort…"}[1]
0%
Conflict ResolutionMoved Dwight's desk every time he went to the bathroom so it was closer to the {printer}
0%
Conflict ResolutionPaid everyone to call Dwight {Dwayne}
0%
Prince Family PaperPlanted a 500 foot {red} {wire}[1] connecting Dwight's computer to a {telephone pole}[2]
0%
Performance ReviewPopped Dwight's fitness orb with a pair of {scissors}
0%
Free Family Portrait StudioReplaced Dwight's suit with a {tear-away}[1] one. Then proceeded to pull it off Dwight on the {parking} {lot}[2]
0%
Moroccan ChristmasSeemingly wrapped Dwight's possessions in {wrapping} {paper}, making Dwight fall to the ground
0%
Customer LoyaltySent Dwight and, inadvertently, everyone else on a quest for the {Holy} {Grail}[1], using a series of clues called The {Dunder} {Code}[2]
0%
Garden PartySold Dwight a book called "The {Ultimate} {Guide} to Throwing a Garden Party"[1] by {James} {Trickington}[2] for Dwight to use in his garden party
0%
Conflict ResolutionUsed a macro on Dwight's computer so that every time Dwight typed his name, it appeared as {diapers}
0%
NepotismWas adding extra {keys}[1] to Dwight's {key}[1] ring so that he'd drop his {pants}[2]
0%
Conflict ResolutionWith help from the photo ID guy, made a fake ID card for Dwight, with middle name "{Fart}"[1] and saying he's a {security} {threat}[2]
0%

Score Distribution

Percentile by Number Answered

Percent of People with Each Score

Your Score History

You have not taken this quiz